| 000 | 05200nam a2200301Ia 4500 | ||
|---|---|---|---|
| 003 | CO-CtgCURN | ||
| 005 | 20250815232324.0 | ||
| 008 | 190722s2004 ck f 000 0 spa d | ||
| 020 | _a9586168573 | ||
| 040 |
_aCO-CtgCURN _bspa _ccoctgcurn |
||
| 082 |
_a342 _bV434d |
||
| 100 |
_aVelásquez Turbay, Camilo _91830 _eautor |
||
| 245 | 0 |
_aDerecho constitucional / _cCamilo Velásquez Turbay |
|
| 250 | _a3 edición | ||
| 260 |
_aBogotá, Colombia : _bUniversidad Externado de Colombia, _c2004 |
||
| 300 |
_a588 páginas ; _c23 centímetros |
||
| 500 | _aIncluye índices | ||
| 504 | _aIncluye referencias bibliográficas (p. 543-546) | ||
| 505 | _aPte. I. El derecho constitucional -- Cap. 1. ¿Que es el derecho constitucional? -- 1. Objetivo y método -- Noción -- El objeto -- El método -- Diferentes técnicas de la interpretación jurídica -- La interpretación de la constitución -- 2. Teoría de la constitución -- Concepto -- Creación de la constitución -- El control de constitucional -- El derecho constitucional en el ordenamiento jurídico -- Concepciones del derecho constitucional -- La eficacia de la constitución -- Cap. 2. El estado -- 1. Origen del término -- 2. Concepto del estado -- 3. Aproximaciones al origen del Estado -- 4. Elementos constitutivos del Estado -- El territorio -- El elemento humano del Estado -- El gobierno -- 5. Formas de estado -- El estado unitario -- El estado federal -- Otras formas de organización del estado -- El fenómeno federativo -- La regionalización -- La organización automática -- La autogestión -- 6. Regímenes políticos -- Regímenes de confusión de poderes -- Pte. II. Razonamiento sobre el estado -- Cap. 3. La teoría del Estado -- 1. Noción de estado -- El Estado y el derecho -- La norma jurídica -- Referencia histórica de las relaciones entre el estado y el derecho -- La sociedad y el derecho -- 2. Lugar del estado en la dinámica política -- El Estado y los partidos -- 3. De la razón de estado -- 4. ¿Para que el Estado? -- Para el marxismo -- Para la extrema derecha -- Para el liberalismo -- 5. ¿Que Esatdo? -- Teoría clásica del Estado -- Teoría marxista del Estado -- El factor político y la forma estatal -- Tipologías modernas del Estado -- 6. El cómo del Estado -- 7. Tendencias del nuevo Estado Latinoamericano -- Pte. III. La parte dogmática de la constitución -- Cap. 4. Concepto de parte dogmática -- 1. Resumen histórico de la lógica jurídica sobre la libertad -- 2. Clasificaciones de la libertad -- 3. La jerarquía dogmática -- 4. Noción actual de la libertad -- Cap. 5. De los principios fundamentales del Estado -- 1. Estado social de derecho -- 2. República unitaria -- 3. Democracia participativa y pluralista -- Los fines del estado -- 5. La soberanía -- 6. La supremacía de la Constitución Política -- 7. La Constitución y los tratados internacionales -- 8. La familia, fundamento de la sociedad -- 9. El principio de legalidad -- 10. El reconocimiento de la diversidad étnica y cultural -- 11. La protección de las riquezas naturales -- 12. Las relaciones internacionales -- 13. El idioma oficial de Colombia -- Cap. 6. Los derechos, las garantías y los deberes -- 1. De los derechos fundamentales -- 2. Las garantías sociales -- 3. Los deberes constitucionales -- Cap. 7. Procedimientos constitucionales para procedimientos de los derechos humanos -- 1. El habeas data -- 2. La acción de tutela -- 3. La acción de cumplimiento -- 4. Las acciones populares -- 5. Características del derecho procesal constitucional -- 6. De la tutela contra decisiones judiciales -- Pte. IV. La participación política -- Cap. 8. La democracia -- 1. Noción -- 2. Controles al gobernante -- 3. El derecho al voto -- 4. La organización electoral -- 5. Sistemas electorales -- 6. Los partidos políticos -- 7. Los grupos de presión -- 8. La financiación política -- Pte. V. Regimenes politicos contemporaneos -- Cap. 9. Los regímenes liberales -- 1. Régimen político inglés -- 2. El régimen político de Estados Unidos -- Cap. 10. Los regímenes hacia la libertad -- 1. La crisis de la Unión Soviética y del socialismo de europa del este -- 2. La constitución rusa de 1993 -- 3. El régimen chino. | ||
| 520 | _aEste manual de derecho constitucional está dirigido a los estudiantes de derecho de los primeros años y a los ciudadanos en general, con el fin de exponerles claramente los elementos que conforman la estructura del derecho constitucional. Recoge las características de la nueva dinámica impuesta a las normas de rango constitucional en el estado de derecho, como resultado de surgimiento de los tribunales y cortes constitucionales en los países de occidente durante el siglo XX del valor reconocido a esta disciplina jurídica que abandonaron la orientación marxista. | ||
| 521 | _aAREA PROFESIONAL | ||
| 590 | _aPrograma de Derecho_18 | ||
| 650 |
_aDerecho constitucional _zColombia _91831 |
||
| 942 |
_cBK _h342 _iV434d _2ddc _n0 |
||
| 999 |
_c28486 _d28486 |
||